| 000 | 02068cam a22004574a 4500 | ||
|---|---|---|---|
| 001 | 14267007 | ||
| 003 | OSt | ||
| 005 | 20210416054827.0 | ||
| 008 | 060215s2006 nyua b 001 0 eng | ||
| 010 | _a 2006002732 | ||
| 020 | _a1586483935 (alk. paper) | ||
| 020 | _a9781586483937 | ||
| 035 | _a(OCoLC)ocm64484776 | ||
| 035 | _a(OCoLC)64484776 | ||
| 040 |
_aDLC _cDLC _dBAKER _dC#P _dIXA _dYBM _dYDXCP _dVP@ _dOCLCQ _dDLC |
||
| 042 | _apcc | ||
| 043 |
_an-us--- _an-us-ma |
||
| 050 | 0 | 0 |
_aLA227.4 _b.L49 2006 |
| 080 |
_a37 _bL-63 |
||
| 082 | 0 | 0 |
_a378.73 _222 |
| 082 | 0 | 0 |
_a378.744/4 _222 |
| 100 | 1 | _aLewis, Harry R. | |
| 245 | 1 | 0 |
_aExcellence without a soul : _bhow a great university forgot education / _cHarry R. Lewis. |
| 250 | _a1st ed. | ||
| 260 |
_aNew York : _bPublicAffairs, _cc2006. |
||
| 300 |
_axiv, 305 p. : _bill. ; _c25 cm. |
||
| 365 | _b26 usd | ||
| 504 | _aIncludes bibliographical references (p. 269-294) and index. | ||
| 505 | 0 | _aHollow excellence -- Choice and direction -- Meritocracy and citizenship -- Contact, competition, cooperation -- The eternal enigma: advising -- Why grades go up -- Evaluation is educational -- Independence, responsibility, rape -- Students and money -- College athletes and money. | |
| 610 | 2 | 0 | _aHarvard University. |
| 650 | 0 |
_aEducation, Higher _xAims and objectives _zUnited States. |
|
| 650 | 0 |
_aUniversities and colleges _zUnited States. |
|
| 650 | 0 |
_aAcademic achievement _zUnited States. |
|
| 653 | _aგანათლება | ||
| 856 | 4 | 1 |
_3Table of contents _uhttp://www.loc.gov/catdir/toc/ecip068/2006002732.html |
| 856 | 4 | 2 |
_3Contributor biographical information _uhttp://www.loc.gov/catdir/enhancements/fy0828/2006002732-b.html |
| 856 | 4 | 2 |
_3Publisher description _uhttp://www.loc.gov/catdir/enhancements/fy0828/2006002732-d.html |
| 906 |
_a7 _bcbc _corignew _d1 _eecip _f20 _gy-gencatlg |
||
| 942 |
_2udc _cBK _e1 |
||
| 999 |
_c130 _d130 |
||